Variétés de plantes - Statistiques

Statistiques générales
  • Ce quiz a été pris 246 fois
  • Le résultat moyen est 10 sur 20
Statistiques - réponses
Variétés Plante % Correct
Blanc, des Vanniers, Pleureur Saule
90%
Darjiling, Oolong, Vert Théier
81%
d'Alep, Parasol, Sylvestre Pin
78%
Arabica, du Liberia, Robusta Caféier
76%
Aigre, du Japon, Sakura Cerisier
76%
Géant, Lotus blanc, Nymphéa Nénuphar
75%
Aquatique, Citronnée, Poivrée Menthe
73%
Liège, Pédonculé, Vert Chêne
57%
de Senteur, Mangetout, Petit Pois
55%
de Damas, d'Inde, Trémière Rosier
55%
du Cap, Grimpant, Terrestre Lierre
54%
Lavandin, Officinale, Papillon Lavande
49%
Cerise, Rose, Sauce Laurier
41%
à Balais, des Étangs, Quenouille Roseau
37%
Bleu de l'Himalaya, Coquelicot, Somnifère Pavot
35%
Citron, Commun, Serpolet Thym
29%
Bourdon, Sabot de Vénus, Vanille Orchidée
28%
Blanc, Noir, Tremble Peuplier
20%
à Sucre, Plaine rouge, Sycomore Érable
19%
Nain, Pubescent, Verruqueux Bouleau
12%
Aucun quiz correspondant
Distribution des résultats
% des personnes avec chaque résultat
Percentile par nombre de réponses
Votre historique - résultats
Vous n’avez pas pris ce quiz